Culture générale #3 - Statistiques

Statistiques générales
  • Ce quiz a été pris 54 fois
  • Le résultat moyen est 7 sur 15
Statistiques - réponses
Question Réponse % Correct
Plus grand pays d'Afrique Algérie
77%
Prix français prestigieux qui récompense le meilleur ouvrage littéraire de l'année. Prix Goncourt
77%
Membre du gouvernement avec plusieurs postes sous Chirac, il a marqué les esprits avec son discours en 2003 aux Nations-Unies contre la guerre en Irak. Dominique de Villepin
73%
Film ayant fait le plus d'entrée dans le monde Avatar: La Voie de l'eau
65%
Merveille du monde antique qui se trouvait à Babylone (dont l'existence n'est pas prouvée). Jardins suspendus de Babylone
65%
Bateau à trois coques Trimaran
63%
Écrivain français majeur du XIXᵉ siècle, célèbre pour La Comédie humaine dont le roman le plus connu est Le Père Goriot. Honoré de Balzac
58%
Fondateur de l'Empire mongol donc les conquêtes auraient permis baisse de 700 millions de tonnes de CO₂. Gengis Khan
50%
Science qui étudie l'homme et les groupes humains L'anthropologie
46%
Cité-État phénicienne de l'Antiquité célèbre pour son puissant commerce maritime, ses conflits avec Rome lors des Guerres puniques, et pour avoir été détruite par Rome en 146 av. J.-C. Carthage
44%
Pays produisant le plus de tabac Chine
38%
3ème langue la plus parlée dans le monde L'hindi
33%
Montagne de Toblerone Cervin
21%
Artiste français le plus streamé sur Spotify David Guetta
19%
Circonférence de la Terre (arrondi à 10³) en km. 40000 km
8%
Aucun quiz correspondant
Distribution des résultats
% des personnes avec chaque résultat
Percentile par nombre de réponses
Votre historique - résultats
Vous n’avez pas pris ce quiz